Nocturnal

Shranjeno v:
Bibliografske podrobnosti
Glavni avtor: Ossa, Carlos de la
Format: Knjiga
Jezik:Undetermined
Izdano: San José, Costa Rica Editorial Costa Rica 1983
Teme:
Oznake: Označite
Brez oznak, prvi označite!

MARC

LEADER 00000nam a2200000Ia 4500
008 170316s9999 xx 000 0 und d
040 |a cru BVZT 
090 |a 868 O-8n 
100 |a Ossa, Carlos de la 
245 |a Nocturnal 
260 |a San José, Costa Rica 
260 |b Editorial Costa Rica 
260 |c 1983 
300 |a 128 páginas 
650 |a LITERATURA COSTARRICENSE 
650 |a POESÍA 
999 |c 11409  |d 11409 
942 |c 15 D  |h 868 O-8n  |2 z